| 000 | 00962nam a22002297a 4500 | ||
|---|---|---|---|
| 005 | 20240530110931.0 | ||
| 008 | 220214s2008 ua a g 000 0 ara d | ||
| 017 |
_bمصر. دار الكتب _a2008/16336 |
||
| 020 | _a9771805762 | ||
| 040 |
_aEG-CaGPL _cEG-CaGPL |
||
| 082 | 0 | 4 |
_221 _a915.31\ _bم ر |
| 100 | 0 | _aمحمد لبيب البتنونى | |
| 245 | 1 | 2 |
_aالرحلة الحجازية لولى النعم الحاج عباس حلمى باشا الثانى خديوى مصر / _cمحمد لبيب البتنونى ؛ تصدير محمد صابر عرب |
| 250 | _aط. 3 | ||
| 260 |
_aالقاهرة : _bمطبعة دار الكتب و الوثائق القومية بالقاهرة ، _c2008 |
||
| 300 |
_a334 ص. ؛ _c30 سم |
||
| 600 | 0 | _aعباس حلمى الثانى | |
| 651 | 0 | 7 |
_aالحجاز _xوصف ورحلات |
| 700 | 0 |
_aمحمد صابر عرب _eتصدير |
|
| 942 |
_2ddc _cBK |
||
| 999 |
_c66655 _d66655 |
||